000 00652cab a2200217 4500
001 WB2341-15
008 090401t1987 xxu||||| |||| 00| 0 eng d
035 _a(Sirsi) u26251
041 _aeng
245 _aCapital raising concern
260 _c1987
350 _a0
490 _aFinancial Times
_v13/10/87 p1
520 _aAn independent investment body called the Housing Finance Corporation is to be set up to raise private finance from capital markets to build rented homes.
650 _aFUNDING
650 _aHOUSING ASSOCIATIONS
650 _aPRIVATE RENTED SECTOR
690 _aHOUSING-FINANCE
942 _n0
948 _c04/03/1997
999 _c17627
_d17627